000
00244nam a22000977a 4500
100
_a
J. Jacob
245
_a
Ivide maathramalla rubberinu sarkkar thuna, agencyum
260
_b
Karshakasree, 29(1): 71.
_c
2023
300
_b
January 2023
942
_c
JS
999
_c
74942
_d
74942